| 000 | 00412cam a2200169ua 4500 | ||
|---|---|---|---|
| 020 | _c1.00 | ||
| 041 |
_aeng _h |
||
| 082 |
_a320.58 _bJAW/FR |
||
| 100 | _aJawaharlal, Nehru . | ||
| 245 |
_aFreedom from year / _cNehru Jawaharlal. _hTextual Documents |
||
| 260 |
_aNewdelhi : _bGandhi smaraka nidhi , _c1960. |
||
| 300 | _a74 ; . | ||
| 365 | _a1.00 | ||
| 504 | _a | ||
| 942 | _cBK | ||
| 999 |
_c2396 _d2396 |
||